Management accounting for decision makers
Salvato in:
| Autore principale: | |
|---|---|
| Natura: | Libro |
| Lingua: | inglese |
| Pubblicazione: |
Pearson Education,
2015
|
| Tags: |
Aggiungi Tag
Nessun Tag, puoi essere il primo ad aggiungerne!!
|
MARC
| LEADER | 00000nam a22000007a 4500 | ||
|---|---|---|---|
| 008 | 210125b ||||| |||| 00| 0 eng d | ||
| 020 | |a 978-1-292-07243-2 | ||
| 100 | |a ATRILL, Peter. | ||
| 245 | |a Management accounting for decision makers |c Peter Atrill and Eddie McLaney. |g xxiii; 554p.; ill. | ||
| 250 | |b 8th ed. | ||
| 260 | |b Pearson Education, |c 2015 |d Books |h Harlow, UK |i 691289 |i 691288 |l HF5657.4 .At7 |m Managerial accounting |m Decision making | ||
| 500 | |a “It includes index” | ||
| 942 | |a lcc |c BK |e Adekanye I. H. |f 25/01/2021 | ||
| 952 | |0 0 |1 0 |2 lcc |4 0 |6 HF56574 A T7 |7 0 |9 1644 |a HOL |b MPL |c GJ |d 2021-01-25 |l 0 |o HF5657.4 .At7 |p 2021-0431 |r 2021-01-25 00:00:00 |w 2021-01-25 |y BK | ||
| 952 | |0 0 |1 0 |2 lcc |4 0 |6 HF56574 A T7 |7 0 |9 1645 |a HOL |b HOL |c GJ |d 2021-01-25 |l 0 |o HF5657.4 .At7 |p 2021-0432 |r 2021-01-25 00:00:00 |w 2021-01-25 |y BK | ||
| 999 | |c 872 |d 872 | ||